[Event "Oberliga Ost-B 1718"]
[Site "Germany"]
[Date "2018.03.18"]
[Round "9.7"]
[White "Krzesinski, Paul"]
[Black "Stork, Oliver"]
[Result "0-1"]
[WhiteElo "2087"]
[BlackElo "2093"]
[PlyCount "136"]
[EventDate "2017.10.22"]
[EventType "team-tourn"]
[EventRounds "11"]
[EventCountry "GER"]
[SourceTitle "EXT 2019"]
[Source "ChessBase"]
[SourceDate "2018.10.10"]
[SourceVersion "1"]
[SourceVersionDate "2018.10.10"]
[SourceQuality "1"]
[WhiteTeam "Frankfurt TV"]
[BlackTeam "Oberursel"]
[WhiteTeamCountry "GER"]
[BlackTeamCountry "GER"]

1. e4 c6 2. d4 d5 3. Nc3 dxe4 4. Nxe4 Bf5 5. Ng3 Bg6 6. Nf3 Nd7 7. h4 h6 8. h5 Bh7 9. Bd3 Bxd3 10. Qxd3 e6 11. Bd2 Ngf6 12. 0-0-0 Be7 13. Kb1 Qb6 14. c4 Rd8 15. Qe2 0-0 16. Nf1 c5 17. g4 Nxg4 18. Rg1 f5 19. Ne3 cxd4 20. Nxg4 fxg4 21. Rxg4 d3 22. Qe4 Bf6 23. Bc1 Nc5 24. Qe3 Na4 25. Qxb6 axb6 26. Ne1 d2 27. Rxd2 Rxd2 28. Bxd2 Nxb2 29. Be3 Rc8 30. c5 bxc5 31. Bxh6 Kf7 32. Be3 Nd1 33. Kc2 Nxe3+ 34. fxe3 b5 35. Nf3 Ra8 36. Kb1 Ra3 37. Re4 Rd3 38. Kc2 Ra3 39. Kb1 Rd3 40. Kc2 Rd5 41. a4 bxa4 42. Rxa4 Rxh5 43. Kd3 Rd5+ 44. Ke2 g5 45. Nd2 Rd6 46. Rc4 Rc6 47. Kf3 Kg6 48. Kg4 Be7 49. Nf3 Rc8 50. Ne5+ Kf6 51. Nf3 Rb8 52. Rc2 Rb4+ 53. Kg3 Bd6+ 54. Kf2 Kf5 55. Nd2 Rh4 56. Nf3 Rh1 57. e4+ Kf4 58. Kg2 Ra1 59. Rf2 Kg4 60. e5 Bb8 61. Rc2 Kf4 62. Rc4+ Kf5 63. Rxc5 Ra2+ 64. Kh1 Ra1+ 65. Kg2 Ra2+ 66. Kh1 Kg4 67. Ng1 Ra1 68. Kg2 Rxg1+ 0-1

[Event "Oberliga Ost-B 1617"]
[Site "Germany"]
[Date "2017.05.07"]
[Round "11.7"]
[White "Krzesinski, Paul"]
[Black "Stork, Oliver"]
[Result "0-1"]
[WhiteElo "2046"]
[BlackElo "1952"]
[PlyCount "58"]
[EventDate "2016.10.16"]
[EventType "team-tourn"]
[EventRounds "11"]
[EventCountry "GER"]
[SourceTitle "EXT 2018"]
[Source "ChessBase"]
[SourceDate "2017.10.13"]
[SourceVersion "1"]
[SourceVersionDate "2017.10.13"]
[SourceQuality "1"]
[WhiteTeam "Frankfurt TV"]
[BlackTeam "Oberursel"]
[WhiteTeamCountry "GER"]
[BlackTeamCountry "GER"]

1. e4 c6 2. d4 d5 3. Nc3 dxe4 4. Nxe4 Bf5 5. Ng3 Bg6 6. Nf3 Nd7 7. h4 h6 8. h5 Bh7 9. Bd3 Bxd3 10. Qxd3 e6 11. Bd2 Ngf6 12. 0-0-0 Be7 13. Ne4 Nxe4 14. Qxe4 Nf6 15. Qe2 Qd5 16. Ne5 Qxa2 17. c3 a5 18. Qc4 Qxc4 19. Nxc4 0-0 20. f3 b5 21. Ne5 Rfc8 22. g4 Nd5 23. Kb1 c5 24. dxc5 Rxc5 25. Rhe1 a4 26. Nd3 Rc6 27. Nf4 Nb6 28. Re5 Nc4 29. Rxb5 Rd6 0-1

[Event "Oberliga Ost-B 1617"]
[Site "Germany"]
[Date "2017.02.19"]
[Round "7.6"]
[White "Krzesinski, Paul"]
[Black "Boehmer, Christian"]
[Result "0-1"]
[WhiteElo "2046"]
[BlackElo "2166"]
[PlyCount "74"]
[EventDate "2016.10.16"]
[EventType "team-tourn"]
[EventRounds "11"]
[EventCountry "GER"]
[SourceTitle "EXT 2018"]
[Source "ChessBase"]
[SourceDate "2017.10.13"]
[SourceVersion "1"]
[SourceVersionDate "2017.10.13"]
[SourceQuality "1"]
[WhiteTeam "Frankfurt TV"]
[BlackTeam "Moerlenbach Birkenau"]
[WhiteTeamCountry "GER"]
[BlackTeamCountry "GER"]

1. e4 d6 2. d4 g6 3. Be3 Bg7 4. Nc3 a6 5. a4 b6 6. Bc4 e6 7. Nge2 Bb7 8. 0-0 Ne7 9. Ng3 d5 10. exd5 Nxd5 11. Nxd5 Bxd5 12. Bd3 Nd7 13. Ne4 Nf6 14. Bg5 h6 15. Nxf6+ Bxf6 16. Be3 Bb7 17. c3 Bg5 18. Qg4 Bxe3 19. fxe3 Qg5 20. Qxg5 hxg5 21. Rf6 Ke7 22. Raf1 Rh7 23. Be2 Rah8 24. h3 Be4 25. R6f2 a5 26. Bf3 Bd3 27. Be2 Bc2 28. Bb5 Be4 29. Be2 f5 30. Bf3 Bd3 31. Rd1 Bc4 32. Bc6 g4 33. Kh2 Kd6 34. Bb5 Bd5 35. c4 Rxh3+ 36. gxh3 Rxh3+ 37. Kg1 Rh1# 0-1

[Event "Rhein Main op-A 19th"]
[Site "Bad Homburg"]
[Date "2016.05.29"]
[Round "7"]
[White "Krzesinski, Paul"]
[Black "Jicman, Ligia Letitia"]
[Result "1/2-1/2"]
[WhiteElo "2046"]
[BlackElo "2146"]
[PlyCount "87"]
[EventDate "2016.05.25"]
[EventType "swiss"]
[EventRounds "7"]
[EventCountry "GER"]
[SourceTitle "EXT 2017"]
[Source "ChessBase"]
[SourceDate "2016.10.25"]
[SourceVersion "1"]
[SourceVersionDate "2016.10.25"]
[SourceQuality "1"]

1. e4 c5 2. Nf3 Nc6 3. d4 cxd4 4. Nxd4 g6 5. Nc3 Bg7 6. Be3 Nf6 7. Bc4 d6 8. Bb3 0-0 9. f3 Bd7 10. Qd2 Nxd4 11. Bxd4 b5 12. a4 bxa4 13. Bxa4 Bxa4 14. Rxa4 Qc7 15. 0-0 Nh5 16. Bxg7 Nxg7 17. Nd5 Qb7 18. b4 f5 19. Qe3 e6 20. Nc3 Rf7 21. Rfa1 Rc7 22. b5 Rc5 23. R1a3 fxe4 24. fxe4 Qf7 25. h3 Nh5 26. b6 a5 27. Rb3 Nf4 28. Ra1 Rb8 29. Rf1 e5 30. g3 Qxb3 31. cxb3 Rxc3 32. Qe1 Rxg3+ 33. Kh1 Rxh3+ 34. Kg1 Rxb6 35. Qxa5 Rbxb3 36. Qd8+ Kg7 37. Rxf4 exf4 38. Qxd6 h5 39. e5 Rhd3 40. Qf6+ Kh7 41. Qf7+ Kh8 42. Qf8+ Kh7 43. Qf7+ Kh8 44. Qf8+ 1/2-1/2

[Event "Rhein Main op-A 19th"]
[Site "Bad Homburg"]
[Date "2016.05.28"]
[Round "6"]
[White "Hankel, Dennis"]
[Black "Krzesinski, Paul"]
[Result "0-1"]
[WhiteElo "2128"]
[BlackElo "2046"]
[PlyCount "100"]
[EventDate "2016.05.25"]
[EventType "swiss"]
[EventRounds "7"]
[EventCountry "GER"]
[SourceTitle "EXT 2017"]
[Source "ChessBase"]
[SourceDate "2016.10.25"]
[SourceVersion "1"]
[SourceVersionDate "2016.10.25"]
[SourceQuality "1"]

1. e4 e5 2. Nf3 Nc6 3. Bb5 a6 4. Ba4 Nf6 5. 0-0 Nxe4 6. d4 b5 7. Bb3 d5 8. dxe5 Be6 9. Qe2 Na5 10. Rd1 Nxb3 11. axb3 Bc5 12. Be3 Bxe3 13. Qxe3 0-0 14. Nbd2 Nxd2 15. Rxd2 Qe7 16. c3 Rfe8 17. b4 f6 18. Re1 a5 19. bxa5 Rxa5 20. exf6 Qxf6 21. Rxd5 Bxd5 22. Qxe8+ Qf8 23. Nd4 Qxe8 24. Rxe8+ Kf7 25. Re1 c6 26. f3 Ra2 27. Re2 Kf6 28. Kf2 Bc4 29. Rd2 c5 30. Nc6 Ke6 31. f4 Ra1 32. Nd8+ Kf5 33. g3 Ke4 34. Nb7 Rf1+ 35. Kg2 Ke3 36. Rd6 Rf2+ 37. Kh3 Bf1+ 38. Kg4 Rxh2 39. Kf5 Bg2 40. Re6+ Kf3 41. Re7 Rh5+ 42. Ke6 g6 43. Nd6 Kxg3 44. Nxb5 Kxf4 45. Kf6 g5 46. Nc7 g4 47. Ne6+ Kf3 48. Ng5+ Kf2 49. Nxh7 g3 50. Ng5 Bf3 0-1

[Event "Hofheim Spring op-A 4th"]
[Site "Hofheim"]
[Date "2016.03.31"]
[Round "5"]
[White "Kuhn, Gerhard"]
[Black "Krzesinski, Paul"]
[Result "1-0"]
[WhiteElo "1937"]
[BlackElo "2048"]
[PlyCount "89"]
[EventDate "2016.03.29"]
[EventType "swiss"]
[EventRounds "9"]
[EventCountry "GER"]
[SourceTitle "CBM 171 Extra"]
[Source "ChessBase"]
[SourceDate "2016.04.26"]
[SourceVersion "1"]
[SourceVersionDate "2016.04.26"]
[SourceQuality "1"]

1. e4 e5 2. Nf3 Nc6 3. Nc3 Nf6 4. d4 exd4 5. Nd5 Nxd5 6. exd5 Bb4+ 7. Bd2 Qe7+ 8. Qe2 Bxd2+ 9. Kxd2 Qxe2+ 10. Bxe2 Ne7 11. Bc4 0-0 12. d6 cxd6 13. Nxd4 d5 14. Bb3 b6 15. Rhe1 Nc6 16. Bxd5 Bb7 17. Nf5 Nd8 18. Ne7+ Kh8 19. Rad1 Bxd5 20. Nxd5 Ne6 21. Re3 Rac8 22. Ra3 Nc7 23. Ne7 Rce8 24. Rxa7 Rxe7 25. Rxc7 g6 26. Re1 Rxe1 27. Kxe1 d5 28. Kd2 Kg7 29. Rd7 Ra8 30. a3 Ra5 31. Rd6 Rb5 32. b3 Kf8 33. a4 Rb4 34. Rxd5 Ke7 35. Kd3 Rf4 36. Ke3 Rf6 37. f3 Rc6 38. c4 Ke6 39. Kd4 Rc8 40. a5 Rb8 41. axb6 Rxb6 42. Kc3 Ra6 43. Rd2 Ra1 44. c5 h5 45. Kc4 1-0

[Event "Hessenliga 1516"]
[Site "Germany"]
[Date "2016.03.06"]
[Round "8.6"]
[White "Syperek, Sebastian"]
[Black "Krzesinski, Paul"]
[Result "1/2-1/2"]
[WhiteElo "2227"]
[BlackElo "2026"]
[PlyCount "39"]
[EventDate "2015.09.27"]
[EventType "team-tourn"]
[EventRounds "9"]
[EventCountry "GER"]
[SourceTitle "EXT 2018"]
[Source "ChessBase"]
[SourceDate "2017.10.13"]
[SourceVersion "1"]
[SourceVersionDate "2017.10.13"]
[SourceQuality "1"]
[WhiteTeam "Bad Nauheim"]
[BlackTeam "Frankfurt TV"]
[WhiteTeamCountry "GER"]
[BlackTeamCountry "GER"]

1. Nf3 d5 2. g3 Nf6 3. Bg2 c6 4. 0-0 Nbd7 5. d3 e5 6. Nbd2 Be7 7. e4 dxe4 8. dxe4 0-0 9. Qe2 Qc7 10. b3 Re8 11. Bb2 Bf8 12. a4 a5 13. Nc4 b6 14. Rfd1 Ba6 15. Bf1 Bc5 16. h3 Re6 17. Qe1 Bb4 18. Qe3 Bc5 19. Qe1 Bb4 20. Qe3 1/2-1/2

[Event "Hessenliga 1516"]
[Site "Germany"]
[Date "2015.11.08"]
[Round "2.7"]
[White "Krzesinski, Paul"]
[Black "Kettner, Uwe"]
[Result "1/2-1/2"]
[WhiteElo "2026"]
[BlackElo "1989"]
[PlyCount "103"]
[EventDate "2015.09.27"]
[EventType "team-tourn"]
[EventRounds "9"]
[EventCountry "GER"]
[SourceTitle "EXT 2018"]
[Source "ChessBase"]
[SourceDate "2017.10.13"]
[SourceVersion "1"]
[SourceVersionDate "2017.10.13"]
[SourceQuality "1"]
[WhiteTeam "Frankfurt TV"]
[BlackTeam "Dotzheim"]
[WhiteTeamCountry "GER"]
[BlackTeamCountry "GER"]

1. e4 d6 2. d4 Nf6 3. Nc3 g6 4. Be3 Bg7 5. Qd2 Ng4 6. Bg5 f6 7. Bh4 e5 8. Bc4 c6 9. a4 Qe7 10. Nge2 b6 11. f4 exf4 12. Bf2 g5 13. 0-0 Ba6 14. Ba2 Nd7 15. b4 Nxf2 16. Rxf2 Bb7 17. b5 c5 18. Nd5 Bxd5 19. Bxd5 0-0-0 20. c3 f5 21. exf5 Nf6 22. Be6+ Kb8 23. Qc2 Ng4 24. Rf3 Ne3 25. Qa2 Qc7 26. Rc1 d5 27. h3 h5 28. a5 bxa5 29. Ra1 Rhf8 30. Qxa5 Qxa5 31. Rxa5 Nxf5 32. Bxf5 Rxf5 33. dxc5 Bf8 34. c6 Bc5+ 35. Kf1 Re5 36. h4 Rde8 37. Ra2 Be3 38. hxg5 Rxg5 39. Nxf4 Bb6 40. Nd3 Rg4 41. Nf2 Rc4 42. Re2 Rxe2 43. Kxe2 Rc5 44. Nd3 Rxb5 45. Rf5 Rb3 46. Nb4 a5 47. Nxd5 a4 48. Kd3 a3 49. Rf8+ Ka7 50. Nxb6 a2 51. c7 Rxc3+ 52. Kd2 1/2-1/2

[Event "Hessenliga 1415"]
[Site "Hessen"]
[Date "2015.03.01"]
[Round "7.6"]
[White "Krzesinski, Paul"]
[Black "Novak, Volker"]
[Result "1-0"]
[WhiteElo "2004"]
[BlackElo "2107"]
[PlyCount "29"]
[EventDate "2014.09.28"]
[EventType "team-tourn"]
[EventRounds "9"]
[EventCountry "GER"]
[SourceTitle "EXT 2016"]
[Source "ChessBase"]
[SourceDate "2015.10.08"]
[SourceVersion "1"]
[SourceVersionDate "2015.10.08"]
[SourceQuality "1"]
[WhiteTeam "Frankfurt TV"]
[BlackTeam "Bad Homburg"]
[WhiteTeamCountry "GER"]
[BlackTeamCountry "GER"]

1. e4 d6 2. d4 Nf6 3. Nc3 g6 4. Be3 Bg7 5. Qd2 c6 6. h3 Qa5 7. f4 b5 8. Bd3 0-0 9. Nf3 Nbd7 10. 0-0 b4 11. Ne2 c5 12. a3 Rb8 13. axb4 Qxb4 14. Nc3 Qb7 15. e5 1-0

[Event "Rhein Main op-A 17th"]
[Site "Bad Homburg"]
[Date "2014.06.20"]
[Round "4"]
[White "Krzesinski, Paul"]
[Black "Schroeder, Jan Christian"]
[Result "0-1"]
[WhiteElo "1996"]
[BlackElo "2372"]
[PlyCount "76"]
[EventDate "2014.06.18"]
[EventType "swiss"]
[EventRounds "7"]
[EventCountry "GER"]
[SourceTitle "CBM 161 Extra"]
[Source "ChessBase"]
[SourceDate "2014.08.29"]
[SourceVersion "1"]
[SourceVersionDate "2014.08.29"]
[SourceQuality "1"]

1. e4 d6 2. Nf3 Nf6 3. Nc3 e5 4. d4 Nbd7 5. Be3 Be7 6. Be2 c6 7. a4 a5 8. 0-0 0-0 9. Nd2 Nb6 10. Nc4 Nxc4 11. Bxc4 Ng4 12. Qf3 Nxe3 13. fxe3 Bf6 14. Rad1 Qe7 15. Qg3 g6 16. Be2 h5 17. Bc4 Bg4 18. Rxf6 Qxf6 19. Rf1 Qg7 20. d5 Rad8 21. h3 Bc8 22. Qg5 f6 23. Qh4 Kh7 24. Bd3 Qh6 25. Rf3 Qg5 26. Qf2 h4 27. Nb1 f5 28. Nd2 f4 29. Nc4 fxe3 30. Qxe3 Qxe3+ 31. Rxe3 cxd5 32. exd5 Rf4 33. b3 Rd4 34. Nxa5 Rxd5 35. Nc4 Bf5 36. Nb2 e4 37. Bf1 Rd2 38. Rc3 d5 0-1

[Event "Rhein Main op-A 17th"]
[Site "Bad Homburg"]
[Date "2014.06.19"]
[Round "3"]
[White "Wichmann, Adrian"]
[Black "Krzesinski, Paul"]
[Result "0-1"]
[WhiteElo "1821"]
[BlackElo "1996"]
[PlyCount "104"]
[EventDate "2014.06.18"]
[EventType "swiss"]
[EventRounds "7"]
[EventCountry "GER"]
[SourceTitle "CBM 161 Extra"]
[Source "ChessBase"]
[SourceDate "2014.08.29"]
[SourceVersion "1"]
[SourceVersionDate "2014.08.29"]
[SourceQuality "1"]

1. e4 e5 2. Nf3 Nc6 3. Bc4 Nf6 4. Ng5 d5 5. exd5 Na5 6. Bb5+ c6 7. dxc6 bxc6 8. Bd3 Be7 9. Nc3 Nd5 10. Nf3 Qc7 11. 0-0 0-0 12. Re1 f6 13. a3 Bg4 14. Be2 Rad8 15. d3 Bc8 16. Bd2 Nb7 17. Qc1 Bc5 18. Ne4 Bb6 19. c4 f5 20. cxd5 fxe4 21. dxe4 Nc5 22. Bc4 Kh8 23. Bg5 Rde8 24. b4 Nd7 25. dxc6 Qxc6 26. Bd5 Qg6 27. Kh1 Nf6 28. Bxf6 Rxf6 29. Nxe5 Rxe5 30. Qxc8+ Re8 31. Qh3 Bxf2 32. Rf1 Qg5 33. g3 Qe3 34. Qg2 Ref8 35. Ra2 h5 36. e5 Qxe5 37. Raxf2 Rxf2 38. Rxf2 Qe1+ 39. Qg1 Qxf2 40. Qxf2 Rxf2 41. a4 Kh7 42. b5 Rb2 43. Kg1 Rb4 44. Bc6 Rxa4 45. Kg2 Ra3 46. h3 h4 47. gxh4 Kg6 48. Be8+ Kf5 49. Kf2 Kf4 50. Bd7 Ra2+ 51. Ke1 Ke3 52. Kd1 Rd2+ 0-1

[Event "Karl Mala Memorial op-A 16th"]
[Site "Frankfurt"]
[Date "2013.07.12"]
[Round "3"]
[White "Stockmann, Michael"]
[Black "Krzesinski, Paul"]
[Result "1/2-1/2"]
[WhiteElo "2285"]
[BlackElo "1980"]
[PlyCount "71"]
[EventDate "2013.07.11"]
[EventType "swiss"]
[EventRounds "7"]
[EventCountry "GER"]
[SourceTitle "EXT 2014"]
[Source "ChessBase"]
[SourceDate "2013.11.20"]
[SourceVersion "1"]
[SourceVersionDate "2013.11.20"]
[SourceQuality "1"]

1. d4 d5 2. c4 e6 3. Nf3 Nf6 4. g3 c6 5. Bg2 Nbd7 6. 0-0 Bd6 7. Nc3 0-0 8. Nd2 Re8 9. e4 dxe4 10. Ndxe4 Nxe4 11. Nxe4 Be7 12. Be3 Nf6 13. Nc3 Bd7 14. h3 a6 15. g4 h6 16. f4 Nh7 17. d5 Qc7 18. Qd2 cxd5 19. cxd5 Nf6 20. Rac1 Rac8 21. Rfd1 Qd6 22. dxe6 Qxe6 23. g5 hxg5 24. fxg5 Nh5 25. g6 Bc6 26. gxf7+ Qxf7 27. Nd5 Qg6 28. Rc4 Nf6 29. Nf4 Qg3 30. Qf2 Qxf2+ 31. Kxf2 Bxg2 32. Rxc8 Rxc8 33. Kxg2 Rc2+ 34. Rd2 Rxd2+ 35. Bxd2 Ne4 36. Bc1 1/2-1/2

[Event "Karl Mala Memorial op-A 16th"]
[Site "Frankfurt"]
[Date "2013.07.11"]
[Round "1"]
[White "Bogucanin, Mirsad"]
[Black "Krzesinski, Paul"]
[Result "0-1"]
[WhiteElo "1837"]
[BlackElo "1980"]
[PlyCount "102"]
[EventDate "2013.07.11"]
[EventType "swiss"]
[EventRounds "7"]
[EventCountry "GER"]
[SourceTitle "EXT 2014"]
[Source "ChessBase"]
[SourceDate "2013.11.20"]
[SourceVersion "1"]
[SourceVersionDate "2013.11.20"]
[SourceQuality "1"]

1. c4 Nf6 2. Nf3 e6 3. g3 d5 4. Bg2 c6 5. cxd5 exd5 6. d4 Bf5 7. Qb3 Qc8 8. Bf4 Be7 9. Nc3 0-0 10. 0-0 Nbd7 11. Rac1 Nb6 12. Rfe1 Re8 13. Ne5 Qd8 14. e4 Be6 15. exd5 Nfxd5 16. Nxd5 Bxd5 17. Bxd5 Qxd5 18. Qxd5 Nxd5 19. Bd2 Rad8 20. Ba5 Rd6 21. Kg2 Re6 22. Ng4 Bb4 23. Bxb4 Nxb4 24. Rxe6 Rxe6 25. a3 Nd5 26. Kf3 Kf8 27. Rc2 Nc7 28. h4 Rd6 29. Ke3 Rd5 30. Ne5 Ne6 31. Nf3 Ke7 32. Rd2 Kf6 33. Ke4 Nc7 34. Rc2 Rb5 35. Ne5 Ke6 36. g4 f6 37. Nd3 Kd6 38. Rc5 Rb3 39. a4 Nd5 40. a5 g6 41. Nc1 Rxb2 42. Kf3 Rb4 43. Ke4 Ra4 44. Ne2 Ra3 45. Ng3 Nc3+ 46. Kf4 Nd5+ 47. Ke4 Ke6 48. h5 Nc3+ 49. Kd3 Na4+ 50. Kc4 Nxc5 51. hxg6 hxg6 0-1